000 00281nam a22001217a 4500
082 _a823
_bBLY/F
100 _aBLYTON, ENID
245 _aFAMOUS FIVE - 5 ARE TOGETHER AGAIN
260 _aSINGAPORE
_bMAMMOTH
_c1991
300 _a143
650 _aENGLISH STORY
_zSINGAPORE
942 _cBK
999 _c7246
_d7246